El problema del pecado original / (Record no. 75510)

MARC details
000 -LEADER
campo de control de longitud fija 00558nam a2200169 i 4500
001 - NÚMERO DE CONTROL
campo de control 75510
003 - IDENTIFICADOR DE NÚMERO DE CONTROL
campo de control ES-MaACL
005 - FECHA Y HORA DE LA ÚLTIMA TRANSACCIÓN
campo de control 20230906172503.0
007 - CAMPO FIJO DE DESCRIPCIÓN FÍSICA--INFORMACIÓN GENERAL
campo de control de longitud fija t|
008 - DATOS DE LONGITUD FIJA--INFORMACIÓN GENERAL
campo de control de longitud fija 040924s1970 sp ||||1| spa d
100 1# - ENTRADA PRINCIPAL--NOMBRE DE PERSONA
Nombre de persona Grelot, Pierre.
9 (RLIN) 59935
245 13 - MENCIÓN DEL TÍTULO
Título El problema del pecado original /
Mención de responsabilidad, etc. Pierre Grelot ; [versión de la Comunidad Religiosa de San Benito (Monserrat)].
260 ## - PUBLICACIÓN, DISTRIBUCIÓN, ETC.
Lugar de publicación, distribución, etc. Barcelona :
Nombre del editor, distribuidor, etc. Herder,
Fecha de publicación, distribución, etc. 1970.
300 ## - DESCRIPCIÓN FÍSICA
Extensión 167 p. ;
Dimensiones 20 cm.
710 2# - ENTRADA AGREGADA--NOMBRE DE ENTIDAD CORPORATIVA
Nombre de entidad corporativa o nombre de jurisdicción como elemento de entrada Comunidad Religiosa del Monasterio de San Benito.
9 (RLIN) 3137
852 ## - LOCALIZACIÓN
Ubicación ES-MaACL
Número de control de estantería C-44265
Sublocalización o colección R.73027
Holdings
Estatus retirado Estado de pérdida Estado de daño No para préstamo Biblioteca de origen Biblioteca actual Ubicación en estantería Fecha de adquisición Fuente de adquisición Total de préstamos Signatura topográfica completa Código de barras Visto por última vez Precio de reemplazo Tipo de ítem Koha
        Biblioteca del Ateneo de Madrid Biblioteca del Ateneo de Madrid Depósito 2 17/01/2008     C-44265 1079035 23/02/2023 23/02/2023 Libro impreso